American Blanks Quiz Stats

Quiz Updated Jun 13, 2017

Challenge
Share
Tweet
Embed
Score 0/50 Timer 09:00
1 Play Today
America 'thing' Word % Correct
America's Got ___Talent
98.8%
American ___Pie
93.8%
Once Upon a ___ in AmericaTime
93.1%
American ___Idol
88.8%
American ___Express
87.8%
America, the ___Beautiful
76.7%
____ and Butt-head Do AmericaBeavis
75.6%
America's ___ Home VideosFunniest
73.9%
An American ___ in LondonWerewolf
66.5%
American ___!Dad
65.9%
An American in ___Paris
65.7%
American ___Beauty
65%
American ___Idiot
64.9%
___ of AmericaBank
64.5%
American ___ XHistory
63%
___ to AmericaComing
62.7%
American ___Girl
61.8%
All-American ____Rejects
58.1%
___ AmericaCaptain
56.2%
The Secret Life of the American ___Teenager
54.4%
My ___ AmericansFellow
54.2%
We're an American ___Band
52.9%
American ___Woman
52.2%
America ___Ferrera
50.2%
Team America: ___ PoliceWorld
46.8%
America 'thing' Word % Correct
Love, American ___Style
46.4%
___ in AmericaLiving
43.3%
The American ___President
43.2%
Knute ___, All AmericanRockne
40.9%
Wet Hot American ___Summer
38.5%
American ___Graffiti
35.2%
___ Americans Young
34.2%
American ___Wedding
33.5%
America's ___Sweethearts
33.4%
The ___ American HeroGreatest
31.7%
An American ___Tail
31.5%
American ___Gangster
31.5%
American ___Gothic
30.2%
The ___ AmericanUgly
29.7%
American ___Airlines
27.1%
American ___Psycho
24.5%
American ___Gigolo
23.8%
How to Make an American ___Quilt
22%
___ in AmericaKids
18.2%
The ___ AmericanQuiet
16.2%
___ in AmericaAngels
14.6%
An American ___Tragedy
9.5%
American ___Gods
8.2%
American ___Dreamz
7.9%
American ___Splendor
7.4%

You're not logged in!

Compare scores with friends on all Sporcle quizzes.
Sign Up with Email
OR
Log In

You Might Also Like...

Show Comments

Extras

Top Quizzes Today


Score Distribution

Your Account Isn't Verified!

In order to create a playlist on Sporcle, you need to verify the email address you used during registration. Go to your Sporcle Settings to finish the process.